Histoire des turcs: de l'empire a la démocratie

Saved in:
Bibliographic Details
Main Author: Peters, Richard F (Author)
Format: Book
Language:French
Published: París Payot 1966
Subjects:
Tags: Add Tag
No Tags, Be the first to tag this record!

MARC

LEADER 00000nam a2200000 a 4500
001 UCO2199
003 CL-VaPUC
008 000602e19660000FR |||||||||||||||||fre|d
082 0 4 |a 956.015  |b PET  |2 21 
100 0 |a Peters, Richard F  |e author  |9 445144 
245 1 0 |a Histoire des turcs: de l'empire a la démocratie 
300 |a 248 p 
942 |c BK 
945 |d 20000602 00:00:00  |a rherrera 
260 |a París  |b Payot  |c 1966 
650 7 |a HISTORIA DE TURQUIA  |2 CL-VaPUC  |9 440763 
650 7 |a IMPERIO OTOMANO  |2 CL-VaPUC  |9 440764 
650 0 |a Democracia  |9 255256 
650 7 |a SIGLOS 14-20  |2 CL-VaPUC  |9 442341 
651 7 |a TURQUIA  |2 CL-VaPUC  |9 343267 
583 |a last modification  |c 20000602 00:00:00  |k Rodrigo Vera 
999 |c 288738  |d 288736 
952 |0 0  |1 0  |4 0  |6 956_015000000000000_PET_1966  |7 0  |8 A  |9 336641  |a BIBHIS  |b BIBHIS  |d 2019-11-20  |i 1283413  |o 956.015 PET 1966  |p 1283413  |r 2025-01-20  |w 2019-11-20  |y BK  |k HIS